Sobre la guerra civil y en la emigración / (Record no. 27566)
[ view plain ]
| 000 -LEADER | |
|---|---|
| campo de control de longitud fija | 00663nam a2200205 i 4500 |
| 001 - NÚMERO DE CONTROL | |
| campo de control | 27566 |
| 003 - IDENTIFICADOR DE NÚMERO DE CONTROL | |
| campo de control | ES-MaACL |
| 005 - FECHA Y HORA DE LA ÚLTIMA TRANSACCIÓN | |
| campo de control | 20230906153640.0 |
| 007 - CAMPO FIJO DE DESCRIPCIÓN FÍSICA--INFORMACIÓN GENERAL | |
| campo de control de longitud fija | t| |
| 008 - DATOS DE LONGITUD FIJA--INFORMACIÓN GENERAL | |
| campo de control de longitud fija | 030115s1983 sp ||||1| spa d |
| 100 1# - ENTRADA PRINCIPAL--NOMBRE DE PERSONA | |
| Nombre de persona | Araquistáin, Luis, |
| Fechas asociadas al nombre | 1886-1959 |
| 9 (RLIN) | 22345 |
| 245 10 - MENCIÓN DEL TÍTULO | |
| Título | Sobre la guerra civil y en la emigración / |
| Mención de responsabilidad, etc. | Luis Araquistáin ; estudio preliminar de Javier Tusell. |
| 260 ## - PUBLICACIÓN, DISTRIBUCIÓN, ETC. | |
| Lugar de publicación, distribución, etc. | Madrid : |
| Nombre del editor, distribuidor, etc. | Espasa-Calpe, |
| Fecha de publicación, distribución, etc. | 1983. |
| 300 ## - DESCRIPCIÓN FÍSICA | |
| Extensión | 356 p. ; |
| Dimensiones | 17 cm. |
| 490 1# - MENCIÓN DE SERIE | |
| Mención de serie | Selecciones austral ; |
| Designación de volumen o secuencia | 116 |
| 700 1# - ENTRADA AGREGADA--NOMBRE PERSONAL | |
| Nombre de persona | Tusell, Javier. |
| 9 (RLIN) | 111767 |
| 830 0# - PUNTO DE ACCESO ADICIONAL DE SERIE-TÍTULO UNIFORME | |
| Título uniforme | Selecciones austral ; |
| Designación de volumen o secuencia | 116 |
| 9 (RLIN) | 176520 |
| 852 ## - LOCALIZACIÓN | |
| Ubicación | ES-MaACL |
| Número de control de estantería | L-7984 |
| Sublocalización o colección | R.108499 |
| Estatus retirado | Estado de pérdida | Estado de daño | No para préstamo | Biblioteca de origen | Biblioteca actual | Ubicación en estantería | Fecha de adquisición | Fuente de adquisición | Total de préstamos | Signatura topográfica completa | Código de barras | Visto por última vez | Precio de reemplazo | Tipo de ítem Koha |
|---|---|---|---|---|---|---|---|---|---|---|---|---|---|---|
| Biblioteca del Ateneo de Madrid | Biblioteca del Ateneo de Madrid | Depósito 2 | 17/01/2008 | L-7984 | 1028464 | 23/02/2023 | 23/02/2023 | Libro impreso |
